01268nam a2200169Ia 4500008004100000020001500041050001500056100004000071245009400111260003200205300003700237500007300274505065000347650003400997650003401031650003301065200102b1991 mx a|||| |||| 00| 0 spa d a9686177450 aQD435bG35 aGallardo - Cabello, Manuel eautor  aAtrapados en la doble héliceb: James Watson y Francis Crikc/ Manuel Gallardo-Cabello  aMéxicob : Pangeac, 1991 a111 páginas b: ilustraciones  aIncluye: Índice, Índice analítico y glosario (pp. 103 - 111),  aI. El mundo de Watson y de Crick II. Un niño escéptico III. El observador de los pájaros IV. La metamorfosis de un físico V. Un biólogo al que no le gusta la química VI. Un encuentro provechoso VII. Una feminista con agallas VIII. La hélice dorada IX. El premio Nobel X. Los últimos años XI. Los fundamentos bioquímicos XII. Textos de Watson y de Crick XIII. La clave de la vida XIV. El ADN pirata XV. La estructura química XVI. Imágenes de la molécula XVII. La doble hélice XVIII. La replicación de la molécula madre XIX. El código genético XX. El ADN y la evolución  0aCrick, Francis y1916 - 2004  0aWatson, James Dewey y1928 -  0aÁCIDO DESOXIRRIBONUCLEICO